00635nam a2200217Ia 4500003000400000005001700004008004100021020002900062040001700091082002100108100001500129245003600144250001200180260003700192300001000229650001400239650002100253942000900274952011900283999001500402IIN20250408154356.0250408s9999 xx 000 0 und d cRs.525.00a9789394624023 aIINbEnglish a610.730285 bANT1 aAntara . S1 aComputer for NursescAntara . S a2nd ed. bAnanda PublishersaKolkatac2023 a252p.1 aComputer 1 aApplied Computer cBOOK 00102ddc40708PURCHaIINbIINcGENd2025-03-11l0o610.730285 ANTp1872r2025-04-08 15:44:20w2025-04-08yBOOK c1740d1740